| 000 | 00591cam0a220021700 4500 | ||
|---|---|---|---|
| 001 | zam00002614 | ||
| 008 | 951128s1969 xx eng u | ||
| 035 | _a(Sirsi) r19965 | ||
| 035 | _a(MACHINE)SLC. | ||
| 100 |
_aHart, C. _6A81104.1 |
||
| 245 | 1 | 0 | _aJames Joyce's dubliners. |
| 260 | _c1969. | ||
| 949 |
_aPR6019.09.D828 _wlcc _mMAIN _p2500 _tSHORTLOAN _lSHORTLOAN |
||
| 004 | 19965 | ||
| 591 | _aClass code: E 460. | ||
| 591 | _aCourse: Modern literature. | ||
| 591 | _aSchool: S05. | ||
| 591 | _aLecturer: Dr. MUNATAMBA, P.M. | ||
| 591 | _aNumber of Students: 11. | ||
| 909 | _aBook | ||
| 999 |
_c8385 _d8385 |
||